| 000 | 005200000a22001930004500 | ||
|---|---|---|---|
| 001 | 003555 | ||
| 003 | MACL | ||
| 005 | 20150804130022.0 | ||
| 008 | 150804b xxu||||| |||| 00| 0 eng d | ||
| 040 |
_aMACL _cMACL |
||
| 041 | _aEnglish | ||
| 082 | _a394.4/DES | ||
| 100 |
_aDesai, Prakash N. _94557 |
||
| 245 |
_aTriumph and Tragedy _bPsychohistorical Decisions of Mahatma Gandhi _cPrakash N. Desai |
||
| 260 |
_aNew Delhi _c1998 _bHarA̜nand |
||
| 350 | _a495 | ||
| 650 |
_aSocial Science _94558 |
||
| 942 |
_k394 _cBK _2ddc |
||
| 999 |
_c15455 _d15455 |
||